00923nam a2200217 a 4500001001000000003000500010005001700015008004100032010001100073011001100084040000900095100003000104245018300134260004100317500006000358502012800418650002500546650004100571650002300612856007000635000109298CHAP20220329144045.0140416s2013 mx a sm |||||||spa d a105760 a106732 cCHAP1 aSoria Hernández, Marlyn10aCambios fisiológicos y anatómicos en avena y frijol por la apliación de etractos de hojas de gobernadora (Larrea tridentata D.C.) /h[En línea]cMarlyn Soria Hernández. aChapingo, Méx. :bEl autor,c2013. aPara ver el contenido del material haga clic en la liga aTesis (Ing. Agr. Esp. en Agroecología) -- UACH. Departamento de Enseñanza, Investigación y Servicio en Agroecología14aExtractos vegetales.14aFrijolxFisiología y morfología.14aLarrea tridentata. aFinding aiduhttp://10.13.5.2/tesis/sist109298.pdfzTeclea aquí